000
00299nam a22001217a 4500
020
_a
0-87170-092-1
082
_a
621.833 SOU'R
100
_a
HOWES,MAURICE.A.H
_9
76048
245
_a
SOURCE BOOK ON GEAR DESIGN,TECHNOLOGY AND PERFORMANCE
260
_a
USA
_b
ASM
_c
1980
300
_a
417P
942
_c
BK
999
_c
581449
_d
581449